| 000 | 00596nam a2200181 a 4500 | ||
|---|---|---|---|
| 001 | 000036570 | ||
| 005 | 20200930075814.0 | ||
| 008 | 120120s1995 sp 000 0 spa d | ||
| 020 | _a9580428395 | ||
| 040 |
_aDO-SdBNP _bspa _cBNPHU |
||
| 082 |
_axxxx _bxxxx |
||
| 245 | 0 | 3 |
_aLa esencia del marketing / _cselección Robert J. Dolan; traducción Adriana de Hassan. |
| 260 |
_aBarcelona : _bNorma, _c1995. |
||
| 300 |
_av. ; _c23 cm. |
||
| 504 | _aIncluye referencias bibliográficas y notas al pie de las páginas | ||
| 700 | 1 |
_aJ. Dolan, Robert _962838 |
|
| 700 | 1 |
_aHassan, Adriana de, _etr. _951141 |
|
| 999 |
_c36061 _d36061 |
||